| 000 | 01047cam a2200313 a 4500 | ||
|---|---|---|---|
| 999 |
_c10031 _d10031 |
||
| 001 | 14756600 | ||
| 003 | GBCCL | ||
| 005 | 20241126110723.0 | ||
| 008 | 070303s2006 ii a b 001 0 eng | ||
| 010 | _a 2006454969 | ||
| 020 | _a8172149379 | ||
| 025 | _aI-E-2006-454969; 13; 05 | ||
| 037 |
_bLibrary of Congress -- New Delhi Overseas Office _cRs225.00($14.00 U.S.) |
||
| 040 |
_aDLC _cDLC _dDLC |
||
| 042 | _alcode | ||
| 043 | _aa-ii--- | ||
| 050 | 0 | 0 |
_aBX1977.I47 _bC65 2006 |
| 082 |
_a261.8 _bCOL |
||
| 100 | 1 |
_aCollins, Paul M. _917430 |
|
| 245 | 1 | 0 |
_aContext, culture and worship : _bthe quest for "Indian-ness" / _cPaul M. Collins. |
| 260 |
_aDelhi : _bISPCK, _c2006. |
||
| 300 |
_axviii, 341 p. : _bill ; _c23 cm. |
||
| 504 | _aIncludes bibliographical references (p. [313]-337) and index. | ||
| 610 | 2 | 0 |
_aCatholic Church _zIndia, South _xLiturgy. _917431 |
| 650 | 0 |
_aChristianity and culture _zIndia, South. _917432 |
|
| 906 |
_a7 _bcbc _corigode _d3 _encip _f20 _gy-gencatlg |
||
| 942 |
_2ddc _cBK |
||